000 00970nam a2200277 a 4500
001 000008967
003 DO-SdBNP
005 20210505135122.0
007 000008967
008 090922s1988 dr 000 p spa d
040 _aBPMSU
_bspa
_cBPMSU
082 4 _aRD861.44
_bS615o
245 0 0 _aSin otro profeta que su canto :
_bantología de poesía escrita por dominicanas /
_cSelección y prólogo Daisy Cocco de Filippis.
260 _aSanto Domingo :
_bTaller,
_c1988.
300 _a231 p. ;
_c24 cm.
490 1 _aBiblioteca Taller
_v263
504 _aIncluye referencias bibliográficas y notas al pie de las páginas
650 4 _aPoesía dominicana
_xColecciones
650 4 _aLiteratura dominicana
_xColeccioens
700 1 2 _aCocco de Filippis, Daisy,
_epról.
830 0 _aBiblioteca Taller
_n263
910 _aValidado. Control de calidad MFF
942 _2ddc
_cBK
945 _a Inventariado / 2017 VM
956 _aVMATEO
_b10
_c20150805
_lBPMSU
_h00151
999 _c8079
_d8079